[Event "Copa Latina 2015"]
[Site "Vicente Lopez ARG"]
[Date "2015.03.19"]
[Round "1.54"]
[White "Echeguren, Martin"]
[Black "Sanchez Sandoval, Gonzalo"]
[Result "1-0"]
[WhiteElo "1737"]
[BlackElo "2193"]
[PlyCount "99"]
[EventDate "2015.03.19"]
[EventType "swiss"]
[EventRounds "9"]
[EventCountry "ARG"]
[Source "lmi"]
[SourceDate "2015.03.19"]

1. e4 c5 2. Nf3 d6 3. d4 cxd4 4. Nxd4 Nf6 5. Nc3 Nc6 6. Bg5 e6 7. Qd2 Be7 8.
Be2 O-O 9. O-O Nxd4 10. Qxd4 Qa5 11. Qd2 Qc5 12. Be3 Qc7 13. f4 Bd7 14. Rad1
Bc6 15. Bf3 b5 16. e5 dxe5 17. fxe5 Qxe5 18. Bxc6 Ng4 19. Bf4 Qc5+ 20. Kh1 Qxc6
21. Qe2 Nf6 22. Qxb5 Qxb5 23. Nxb5 Nd5 24. Nc7 Nxf4 25. Nxa8 Nd5 26. Rxd5 exd5
27. Nc7 Rd8 28. Rd1 d4 29. b3 Bf6 30. Nb5 a6 31. Na3 Re8 32. Kg1 h5 33. Kf1 Re5
34. Nc4 Rf5+ 35. Ke2 h4 36. Rf1 Rg5 37. Rf2 Bd8 38. Kd3 Bc7 39. h3 Bb8 40. Re2
Ba7 41. Nd2 Rg3+ 42. Nf3 g5 43. Ke4 Kh7 44. Nxd4 g4 45. Nf5 gxh3 46. Nxg3 hxg3
47. gxh3 f5+ 48. Kf3 Bb8 49. Re8 Bd6 50. Re6 1-0

[Event "Copa Latina 2015"]
[Site "Vicente Lopez ARG"]
[Date "2015.03.19"]
[Round "1.55"]
[White "Seia, Diego"]
[Black "Gil Garrote, Marcelo"]
[Result "1-0"]
[WhiteElo "2189"]
[BlackElo "1735"]
[PlyCount "49"]
[EventDate "2015.03.19"]
[EventType "swiss"]
[EventRounds "9"]
[EventCountry "ARG"]
[Source "lmi"]
[SourceDate "2015.03.19"]

1. d4 Nf6 2. c4 g6 3. Nc3 Bg7 4. e4 d6 5. h3 O-O 6. Nf3 c5 7. d5 Qa5 8. Nd2 a6
9. Be2 e6 10. a4 exd5 11. cxd5 Re8 12. O-O Nbd7 13. Qc2 Qc7 14. f4 Nf8 15. Nc4
Rd8 16. f5 N6d7 17. Bf4 Ne5 18. Bxe5 dxe5 19. d6 Qc6 20. Nd5 Kh8 21. Nc7 Rb8
22. f6 Bh6 23. Nxe5 Be3+ 24. Kh1 Qb6 25. Nd5 1-0

[Event "Copa Latina 2015"]
[Site "Vicente Lopez ARG"]
[Date "2015.03.19"]
[Round "1.57"]
[White "Godoy Olazabal, Artur"]
[Black "Abate, Tomas"]
[Result "1-0"]
[WhiteElo "2154"]
[BlackElo "1720"]
[PlyCount "41"]
[EventDate "2015.03.19"]
[EventType "swiss"]
[EventRounds "9"]
[EventCountry "ARG"]
[Source "lmi"]
[SourceDate "2015.03.19"]

1. e4 d6 2. d4 Nf6 3. Nc3 g6 4. Nf3 Bg7 5. h3 c6 6. a4 a5 7. Be3 O-O 8. Qd2
Nfd7 9. h4 h5 10. Ng5 Nf6 11. f3 Qc7 12. Be2 e5 13. O-O-O Na6 14. Rhg1 exd4 15.
Bxd4 Re8 16. g4 hxg4 17. fxg4 Nc5 18. Qf4 Nfxe4 19. Bxg7 Nxg5 20. hxg5 Kxg7 21.
Qf6+ 1-0

[Event "Copa Latina 2015"]
[Site "Vicente Lopez ARG"]
[Date "2015.03.19"]
[Round "1.58"]
[White "Guanca, Felipe"]
[Black "Vazquez, Maximiliano"]
[Result "0-1"]
[WhiteElo "1715"]
[BlackElo "2153"]
[PlyCount "80"]
[EventDate "2015.03.19"]
[EventType "swiss"]
[EventRounds "9"]
[EventCountry "ARG"]
[Source "lmi"]
[SourceDate "2015.03.19"]

1. e4 c5 2. Nf3 e6 3. d4 cxd4 4. Nxd4 Nc6 5. Be2 Qc7 6. O-O a6 7. c4 Nf6 8. Nc3
Bc5 9. Nxc6 dxc6 10. a3 e5 11. Bg5 Be6 12. Rc1 Nd7 13. b4 Bd4 14. Nd5 Qb8 15.
Be3 Bxe3 16. Nxe3 O-O 17. c5 Rd8 18. Qc2 Nf8 19. Rcd1 a5 20. Bc4 axb4 21. axb4
Bxc4 22. Nxc4 Ne6 23. Rxd8+ Qxd8 24. Nxe5 Qd4 25. Nc4 Rd8 26. h4 h6 27. Rb1 Qf6
28. e5 Qxh4 29. Nd6 Qg5 30. Qe4 Rd7 31. g3 Qd2 32. Ra1 Rd8 33. Qf5 Rf8 34. Rf1
Nd4 35. Qe4 Ne2+ 36. Kg2 Nc3 37. Qf3 Nd5 38. Rh1 Nxb4 39. Rd1 Qg5 40. Qe4 Nd5
0-1

[Event "Copa Latina 2015"]
[Site "Vicente Lopez ARG"]
[Date "2015.03.19"]
[Round "1.59"]
[White "Torres, Federico"]
[Black "Diaz, Carlos Ezequiel"]
[Result "1-0"]
[WhiteElo "2152"]
[BlackElo "1672"]
[PlyCount "55"]
[EventDate "2015.03.19"]
[EventType "swiss"]
[EventRounds "9"]
[EventCountry "ARG"]
[Source "lmi"]
[SourceDate "2015.03.19"]

1. e4 e5 2. Nc3 Nc6 3. g3 Nf6 4. Bg2 Bc5 5. Nge2 d6 6. h3 Be6 7. Nd5 O-O 8. O-O
Nb4 9. Nxb4 Bxb4 10. c3 Ba5 11. d4 c6 12. f4 exd4 13. Nxd4 Bb6 14. Kh2 Bc4 15.
Re1 Re8 16. b3 Ba6 17. Nf5 Re6 18. c4 Bc7 19. Bb2 Rb8 20. Qf3 Qf8 21. g4 h6 22.
Kh1 g6 23. Nd4 Ree8 24. Qc3 Bd8 25. g5 Nd7 26. Ne6 fxe6 27. Qh8+ Kf7 28. Qh7+
1-0

[Event "Copa Latina 2015"]
[Site "Vicente Lopez ARG"]
[Date "2015.03.19"]
[Round "1.60"]
[White "Coro, Lucas"]
[Black "Quirhuayo, Gonzalo"]
[Result "0-1"]
[WhiteElo "1637"]
[BlackElo "2140"]
[PlyCount "44"]
[EventDate "2015.03.19"]
[EventType "swiss"]
[EventRounds "9"]
[EventCountry "ARG"]
[Source "lmi"]
[SourceDate "2015.03.19"]

1. e4 c5 2. Nf3 Nc6 3. Bb5 g6 4. c3 Bg7 5. d4 cxd4 6. O-O Qb6 7. a4 Nf6 8. e5
Nd5 9. cxd4 O-O 10. Nc3 Nxc3 11. bxc3 d6 12. exd6 exd6 13. Bf4 Ne7 14. Nd2 a6
15. Bc4 Bf5 16. Re1 Qc7 17. Qb3 h6 18. Qb4 Rad8 19. Ne4 Bxe4 20. Rxe4 Nc6 21.
Qa3 Kh8 22. Rc1 g5 0-1

[Event "Copa Latina 2015"]
[Site "Vicente Lopez ARG"]
[Date "2015.03.19"]
[Round "1.61"]
[White "Fiori, Hector"]
[Black "Coro, Richard"]
[Result "1-0"]
[WhiteElo "2136"]
[BlackElo "1617"]
[PlyCount "67"]
[EventDate "2015.03.19"]
[EventType "swiss"]
[EventRounds "9"]
[EventCountry "ARG"]
[Source "lmi"]
[SourceDate "2015.03.19"]

1. e4 e5 2. Nf3 Nc6 3. d4 exd4 4. Nxd4 Nf6 5. Nxc6 bxc6 6. Qe2 Be7 7. e5 Nd5 8.
Qg4 g6 9. Bh6 Nb4 10. Qe4 Ba6 11. Bxa6 Nxa6 12. O-O Qb8 13. b3 Nc5 14. Qe2 Qb5
15. c4 Qb7 16. Nc3 O-O-O 17. Rab1 f6 18. b4 Ne6 19. b5 Nd4 20. Qd2 fxe5 21.
bxc6 Qxc6 22. Nd5 Bc5 23. Qb2 Qa8 24. Bg7 Rhg8 25. Bxe5 Nc6 26. Nxc7 Qb8 27.
Qxb8+ Nxb8 28. Rxb8+ Kxb8 29. Na6+ Ka8 30. Nxc5 d6 31. Ne6 dxe5 32. Nxd8 Rxd8
33. Re1 Rd2 34. g3 1-0

[Event "Copa Latina 2015"]
[Site "Vicente Lopez ARG"]
[Date "2015.03.19"]
[Round "1.63"]
[White "Bernal, Gustavo"]
[Black "Girona, Martin"]
[Result "1-0"]
[WhiteElo "2132"]
[BlackElo "1579"]
[PlyCount "85"]
[EventDate "2015.03.19"]
[EventType "swiss"]
[EventRounds "9"]
[EventCountry "ARG"]
[Source "lmi"]
[SourceDate "2015.03.19"]

1. Nf3 d5 2. d4 Nf6 3. c4 c6 4. Nc3 Bf5 5. cxd5 cxd5 6. Qb3 b6 7. Bf4 e6 8. e3
h6 9. Bxb8 Rxb8 10. Bb5+ Nd7 11. Ne5 Rb7 12. Qa4 Bd6 13. Nxd7 Rxd7 14. Qxa7 Ke7
15. Qxd7+ Qxd7 16. Bxd7 Kxd7 17. Ke2 Rc8 18. Rhc1 Rb8 19. h3 b5 20. f3 b4 21.
Na4 e5 22. Nc5+ Ke7 23. Nb3 Kd7 24. dxe5 Bxe5 25. Nd4 Bg6 26. Nc6 Re8 27. Nxe5+
Rxe5 28. Rc5 f6 29. Rd1 Kd6 30. Rb5 b3 31. a4 Be8 32. Rb4 Kc5 33. Rdd4 f5 34.
Rxb3 Bc6 35. Rc3+ Kd6 36. Rb4 Re8 37. Rb6 Rc8 38. b4 Kd7 39. Rbxc6 Rxc6 40.
Rxc6 Kxc6 41. Kd3 g5 42. Kd4 h5 43. b5+ 1-0

[Event "Copa Latina 2015"]
[Site "Vicente Lopez ARG"]
[Date "2015.03.19"]
[Round "1.65"]
[White "Wainer, Daniel"]
[Black "Viegas Palermo, Jose"]
[Result "1-0"]
[WhiteElo "2117"]
[BlackElo "1459"]
[PlyCount "45"]
[EventDate "2015.03.19"]
[EventType "swiss"]
[EventRounds "9"]
[EventCountry "ARG"]
[Source "lmi"]
[SourceDate "2015.03.19"]

1. e4 e5 2. Nc3 Nf6 3. Nf3 d6 4. d4 exd4 5. Nxd4 Be7 6. Be2 a6 7. Bf4 Nbd7 8.
Nf5 O-O 9. O-O Ne5 10. Nxe7+ Qxe7 11. Bg5 c6 12. Qd4 Be6 13. f4 c5 14. Qe3 Nc4
15. Qg3 Nd2 16. e5 Nxf1 17. Rxf1 Kh8 18. Qh4 Bf5 19. Nd5 Qe6 20. Nxf6 dxe5 21.
fxe5 Qxe5 22. Rxf5 Qxf5 23. Bd3 1-0

[Event "Copa Latina 2015"]
[Site "Vicente Lopez ARG"]
[Date "2015.03.19"]
[Round "1.76"]
[White "Tokman, Ariel"]
[Black "Martin, Luis Jacinto"]
[Result "1-0"]
[WhiteElo "2320"]
[BlackElo "1848"]
[PlyCount "65"]
[EventDate "2015.03.19"]
[EventType "swiss"]
[EventRounds "9"]
[EventCountry "ARG"]
[Source "lmi"]
[SourceDate "2015.03.19"]

1. d4 Nf6 2. Nf3 e6 3. c4 b6 4. Bg5 h6 5. Bh4 Be7 6. Nc3 Bb7 7. e3 d5 8. cxd5
exd5 9. Bb5+ c6 10. Be2 O-O 11. O-O Nbd7 12. Rc1 Rc8 13. Qa4 a5 14. Rfd1 b5 15.
Qc2 Nb6 16. Ne5 Nbd7 17. Bg3 Nb6 18. Bd3 Ra8 19. Qe2 Nfd7 20. e4 b4 21. Nb1
Nxe5 22. Bxe5 Bf6 23. Bxf6 Qxf6 24. e5 Qg5 25. Nd2 g6 26. Rf1 Qd8 27. f4 Qd7
28. Nb3 Na4 29. f5 Kg7 30. Rf3 Rfe8 31. Rg3 g5 32. f6+ Kh8 33. Qh5 1-0

[Event "Copa Latina 2015"]
[Site "Vicente Lopez ARG"]
[Date "2015.03.19"]
[Round "1.78"]
[White "Bruce, Shannon Hill"]
[Black "Katopodis, Santiago"]
[Result "1-0"]
[WhiteElo "2112"]
[BlackElo "1655"]
[PlyCount "59"]
[EventDate "2015.03.19"]
[EventType "swiss"]
[EventRounds "9"]
[EventCountry "ARG"]
[Source "lmi"]
[SourceDate "2015.03.19"]

1. c4 Nf6 2. Nf3 d6 3. g3 e6 4. d4 d5 5. Bg2 c6 6. O-O Be7 7. Qc2 Nbd7 8. b3
O-O 9. Nc3 b6 10. e4 dxe4 11. Nxe4 Nxe4 12. Qxe4 Bb7 13. Rd1 Qc8 14. Ng5 Nf6
15. Qe2 Re8 16. Bh3 Bf8 17. Bf4 Qd7 18. Be5 Be7 19. Qc2 h6 20. Nf3 Nh7 21. Bf4
Rad8 22. Ne5 Qc8 23. Nxf7 Kxf7 24. Qxh7 Bf6 25. Be5 Bxe5 26. dxe5 c5 27. Bg4
Rg8 28. Bh5+ Kf8 29. Qg6 Qc7 30. Rxd8+ 1-0

[Event "Copa Latina 2015"]
[Site "Vicente Lopez ARG"]
[Date "2015.03.20"]
[Round "2.1"]
[White "Leon, Juan Carlos"]
[Black "Bachmann, Axel"]
[Result "0-1"]
[WhiteElo "2265"]
[BlackElo "2614"]
[PlyCount "62"]
[EventDate "2015.03.19"]
[EventType "swiss"]
[EventRounds "9"]
[EventCountry "ARG"]
[Source "lmi"]
[SourceDate "2015.03.19"]

1. e4 e5 2. Nf3 Nc6 3. d4 exd4 4. Nxd4 Bb4+ 5. c3 Bc5 6. Be3 Bb6 7. g3 Nf6 8.
Bg2 O-O 9. O-O Re8 10. Re1 Ne5 11. Nc2 d5 12. Bxb6 axb6 13. exd5 Bg4 14. f3 Bh5
15. d6 c6 16. Nba3 b5 17. Ne3 Bg6 18. Ng4 Nfxg4 19. fxg4 Nd3 20. Rxe8+ Qxe8 21.
Qd2 Qe5 22. Nc2 Qxd6 23. Nd4 b4 24. Bf1 Ne5 25. Qf4 bxc3 26. bxc3 Qc5 27. Kh1
Qxc3 28. Rd1 f6 29. g5 Rxa2 30. gxf6 gxf6 31. Bh3 Ra1 0-1

[Event "Copa Latina 2015"]
[Site "Vicente Lopez ARG"]
[Date "2015.03.20"]
[Round "2.2"]
[White "Cori, Jorge"]
[Black "Malbran, Guillermo"]
[Result "1-0"]
[WhiteElo "2596"]
[BlackElo "2250"]
[PlyCount "85"]
[EventDate "2015.03.19"]
[EventType "swiss"]
[EventRounds "9"]
[EventCountry "ARG"]
[Source "lmi"]
[SourceDate "2015.03.19"]

1. d4 f5 2. c4 e6 3. Nf3 Nf6 4. Nc3 d5 5. Bf4 Bd6 6. e3 O-O 7. Bd3 c6 8. O-O
Ne4 9. Bxe4 Bxf4 10. Bxf5 Bc7 11. Bd3 Nd7 12. Qe2 dxc4 13. Bxc4 Nb6 14. Bd3 Nd5
15. Ne5 Bd7 16. f4 Nxc3 17. bxc3 Qe7 18. Nf3 g6 19. h4 Qg7 20. Rad1 Bd8 21. g3
Bf6 22. e4 Rad8 23. Bc4 Kh8 24. Qe3 b6 25. Ne5 Rfe8 26. Nxd7 Qxd7 27. e5 Be7
28. Kh2 Bf8 29. Qe2 Qg7 30. Qf3 Qc7 31. h5 Kg7 32. Qg4 Qf7 33. f5 exf5 34. Bxf7
fxg4 35. Bxe8 Rxe8 36. hxg6 hxg6 37. Rf4 g5 38. Rf6 c5 39. Rc6 cxd4 40. cxd4
Kf7 41. Rf1+ Kg8 42. Rg6+ Bg7 43. Rxg5 1-0

[Event "Copa Latina 2015"]
[Site "Vicente Lopez ARG"]
[Date "2015.03.20"]
[Round "2.3"]
[White "Cuevas, Alex"]
[Black "Felgaer, Ruben"]
[Result "0-1"]
[WhiteElo "2253"]
[BlackElo "2580"]
[PlyCount "64"]
[EventDate "2015.03.19"]
[EventType "swiss"]
[EventRounds "9"]
[EventCountry "ARG"]
[Source "lmi"]
[SourceDate "2015.03.19"]

1. d4 d6 2. c4 e5 3. g3 exd4 4. Qxd4 Nc6 5. Qd2 Be6 6. e4 g6 7. Nc3 Bh6 8. Qd1
Bg7 9. Be3 Nf6 10. f3 O-O 11. Qd2 Ne5 12. b3 c6 13. Rd1 Qa5 14. Bd4 Rfe8 15.
Bg2 Rad8 16. Nge2 b5 17. cxb5 cxb5 18. O-O b4 19. Nb1 Nc6 20. Rc1 Nxd4 21. Nxd4
Qb6 22. Rfd1 Rc8 23. Rxc8 Rxc8 24. Bf1 Nxe4 25. fxe4 Bg4 26. Be2 Bxe2 27. Qxe2
Bxd4+ 28. Kg2 Be5 29. Kh3 Qb7 30. Qd3 h5 31. Nd2 Rc3 32. Qe2 Rc2 0-1

[Event "Copa Latina 2015"]
[Site "Vicente Lopez ARG"]
[Date "2015.03.20"]
[Round "2.4"]
[White "Flores, Diego"]
[Black "Sztokbant, Bernardo Vainzoff"]
[Result "1-0"]
[WhiteElo "2569"]
[BlackElo "2237"]
[PlyCount "66"]
[EventDate "2015.03.19"]
[EventType "swiss"]
[EventRounds "9"]
[EventCountry "ARG"]
[Source "lmi"]
[SourceDate "2015.03.19"]

1. c4 e6 2. Nf3 d5 3. g3 Nf6 4. Bg2 Be7 5. O-O O-O 6. b3 c5 7. e3 Nc6 8. Bb2 b6
9. Nc3 Bb7 10. cxd5 Nxd5 11. Nxd5 exd5 12. d4 Ba6 13. Re1 c4 14. bxc4 Bxc4 15.
Nd2 Na5 16. Bc3 b5 17. Nxc4 Nxc4 18. Qh5 Rc8 19. Rab1 g6 20. Qf3 Qd7 21. e4
dxe4 22. Rxe4 b4 23. Rxe7 Qxe7 24. Bxb4 Nd6 25. Re1 Qd7 26. Qd5 Rcd8 27. Bc5
Qc7 28. Qc6 Qa5 29. Rf1 Nf5 30. Bxf8 Nxd4 31. Qc5 Qd2 32. Be7 Re8 33. Bf6 Ne6
1-0

[Event "Copa Latina 2015"]
[Site "Vicente Lopez ARG"]
[Date "2015.03.20"]
[Round "2.5"]
[White "Caetano, Hugo Zanotti Mendon"]
[Black "Morovic Fernandez, Ivan"]
[Result "0-1"]
[WhiteElo "2245"]
[BlackElo "2568"]
[PlyCount "88"]
[EventDate "2015.03.19"]
[EventType "swiss"]
[EventRounds "9"]
[EventCountry "ARG"]
[Source "lmi"]
[SourceDate "2015.03.19"]

1. d4 Nf6 2. c4 g6 3. Nc3 Bg7 4. e4 d6 5. f3 O-O 6. Be3 c5 7. dxc5 dxc5 8. Qxd8
Rxd8 9. Bxc5 Nc6 10. Rd1 Rxd1+ 11. Nxd1 Nd7 12. Be3 Nb4 13. a3 Nc2+ 14. Kd2
Nxe3 15. Kxe3 b6 16. Ne2 Ba6 17. Nec3 Rc8 18. b3 Nc5 19. b4 Nb3 20. b5 Bb7 21.
Nd5 Bxd5 22. exd5 Na5 23. Nf2 Nxc4+ 24. Bxc4 Rxc4 25. Rd1 Be5 26. Nd3 Bd6 27.
Ra1 Rc2 28. a4 Rxg2 29. a5 bxa5 30. Rxa5 Bc7 31. Ra1 Bb6+ 32. Kf4 Rxh2 33. Ne5
Re2 34. Nc4 Bc5 35. Ra6 Rc2 36. Ra4 Kg7 37. Ke4 Rc3 38. d6 exd6 39. Kd5 Rd3+
40. Kc6 h5 41. Ne5 dxe5 42. Kxc5 Rd7 43. Kc6 Re7 44. Kd6 Kf6 0-1

[Event "Copa Latina 2015"]
[Site "Vicente Lopez ARG"]
[Date "2015.03.20"]
[Round "2.6"]
[White "Aguilar, Andres"]
[Black "Perez Ponsa, Federico"]
[Result "1/2-1/2"]
[WhiteElo "2236"]
[BlackElo "2540"]
[PlyCount "92"]
[EventDate "2015.03.19"]
[EventType "swiss"]
[EventRounds "9"]
[EventCountry "ARG"]
[Source "lmi"]
[SourceDate "2015.03.19"]

1. c4 Nf6 2. Nc3 e5 3. Nf3 Nc6 4. e3 g6 5. d4 exd4 6. exd4 Bg7 7. d5 Ne7 8. d6
cxd6 9. Qxd6 O-O 10. Be2 Nf5 11. Qd3 b6 12. Bg5 h6 13. Bxf6 Qxf6 14. Rc1 d5 15.
cxd5 Nd6 16. O-O Bf5 17. Qa6 Rfc8 18. Rfd1 Rc5 19. Qa4 Qe7 20. Re1 Qd7 21. Qxd7
Bxd7 22. Nd2 Rac8 23. Nb3 Bxc3 24. Rxc3 Rxc3 25. bxc3 Rxc3 26. Rc1 Ne4 27. Bf3
Rxc1+ 28. Nxc1 Nd2 29. Be2 Kf8 30. f3 Nb1 31. Kf2 Nc3 32. Bc4 b5 33. Bb3 a5 34.
Ke3 b4 35. Kd4 Bb5 36. a3 Bf1 37. axb4 axb4 38. g3 Ke7 39. Kc5 Nb5 40. Bc4 Bxc4
41. Kxc4 Nc7 42. Kxb4 Nxd5+ 43. Kc5 Ne3 44. Ne2 Nf1 45. h3 Nd2 46. f4 Ne4+
1/2-1/2

[Event "Copa Latina 2015"]
[Site "Vicente Lopez ARG"]
[Date "2015.03.20"]
[Round "2.7"]
[White "Obregon, Andres Carlos"]
[Black "Penafiel, Horacio"]
[Result "1-0"]
[WhiteElo "2531"]
[BlackElo "2233"]
[PlyCount "60"]
[EventDate "2015.03.19"]
[EventType "swiss"]
[EventRounds "9"]
[EventCountry "ARG"]
[Source "lmi"]
[SourceDate "2015.03.19"]

1. d4 Nf6 2. Nf3 e6 3. c4 b6 4. a3 Bb7 5. Nc3 d5 6. Bg5 Be7 7. e3 h6 8. Bh4 O-O
9. Qc2 c5 10. dxc5 bxc5 11. Rd1 Nbd7 12. cxd5 exd5 13. Be2 Rc8 14. O-O Qb6 15.
Bg3 Rfd8 16. Rd2 Nf8 17. Rfd1 Ba8 18. Qb1 Ne6 19. Be5 c4 20. Nd4 g6 21. Nxe6
Qxe6 22. Bd4 a6 23. Qc2 Ne4 24. Nxe4 dxe4 25. Bc3 Rd3 26. Bd4 Qd5 27. Qc1 Qg5
28. Bf1 Rxd2 29. Qxd2 Qb5 30. Bc3 Qg5 1-0

[Event "Copa Latina 2015"]
[Site "Vicente Lopez ARG"]
[Date "2015.03.20"]
[Round "2.8"]
[White "Mafra, Kaiser Luiz"]
[Black "Hernandez Guerrero, Gilberto"]
[Result "0-1"]
[WhiteElo "2212"]
[BlackElo "2517"]
[PlyCount "52"]
[EventDate "2015.03.19"]
[EventType "swiss"]
[EventRounds "9"]
[EventCountry "ARG"]
[Source "lmi"]
[SourceDate "2015.03.19"]

1. d4 Nf6 2. c4 c5 3. d5 g6 4. Nc3 Bg7 5. e4 d6 6. Bd3 O-O 7. Nge2 e6 8. O-O
exd5 9. exd5 Ng4 10. f4 Re8 11. Qb3 Na6 12. a3 Bd4+ 13. Nxd4 cxd4 14. Ne4 Bf5
15. Qc2 Bxe4 16. Bxe4 Qh4 17. h3 Nc5 18. Bf3 Ne3 19. Bxe3 Rxe3 20. b4 Nd3 21.
c5 Ne1 22. Qd1 Rae8 23. Qxd4 Nxf3+ 24. Rxf3 Rxf3 25. gxf3 Qg3+ 26. Kf1 Qxf3+
0-1

[Event "Copa Latina 2015"]
[Site "Vicente Lopez ARG"]
[Date "2015.03.20"]
[Round "2.9"]
[White "Rodriguez Vila, Andres"]
[Black "Uelf, Maximiliano"]
[Result "1-0"]
[WhiteElo "2492"]
[BlackElo "2207"]
[PlyCount "75"]
[EventDate "2015.03.19"]
[EventType "swiss"]
[EventRounds "9"]
[EventCountry "ARG"]
[Source "lmi"]
[SourceDate "2015.03.19"]

1. e4 c6 2. d4 d5 3. Nd2 dxe4 4. Nxe4 Nf6 5. Nxf6+ exf6 6. c3 Bf5 7. Ne2 Bd6 8.
Ng3 Qe7+ 9. Be2 Bg6 10. O-O O-O 11. Be3 Re8 12. Qd2 Qc7 13. Rae1 Nd7 14. f4 Be4
15. c4 Rad8 16. Nxe4 Rxe4 17. Bd3 Ree8 18. c5 Bf8 19. Qc2 g6 20. f5 Bg7 21. Bf4
Qc8 22. Bc4 Nf8 23. Rxe8 Rxe8 24. g4 Qd7 25. Rd1 Qe7 26. Qb3 b5 27. Bd3 Rd8 28.
Qc3 Qd7 29. Be4 gxf5 30. gxf5 Ng6 31. Bd6 Kh8 32. Qf3 Ne7 33. Rd3 Rg8 34. Kh1
Qd8 35. Qh5 Qa5 36. Rd1 Qxa2 37. Bxe7 Re8 38. Rg1 1-0

[Event "Copa Latina 2015"]
[Site "Vicente Lopez ARG"]
[Date "2015.03.20"]
[Round "2.10"]
[White "Ortiz, Andres"]
[Black "Valerga, Diego"]
[Result "0-1"]
[WhiteElo "2195"]
[BlackElo "2482"]
[PlyCount "70"]
[EventDate "2015.03.19"]
[EventType "swiss"]
[EventRounds "9"]
[EventCountry "ARG"]
[Source "lmi"]
[SourceDate "2015.03.19"]

1. d4 Nf6 2. Nf3 e6 3. c4 d5 4. g3 Bb4+ 5. Bd2 Be7 6. Bg2 O-O 7. O-O c6 8. Qc2
Nbd7 9. Bf4 a5 10. Rd1 Ne4 11. h4 f5 12. Ne5 Ndf6 13. Nd2 Nh5 14. e3 Bd7 15.
Nf1 Be8 16. f3 Nd6 17. c5 Nf7 18. Nxf7 Rxf7 19. Be5 Nf6 20. Bxf6 gxf6 21. f4 b6
22. Nd2 bxc5 23. dxc5 Bd7 24. Nf3 Qb8 25. Rac1 Rg7 26. Kh2 Kh8 27. a4 Qb4 28.
Rd4 Qb7 29. Ng1 Rb8 30. Rd2 Qb4 31. Bf3 Bxc5 32. Re2 Bd6 33. Rd2 Qb3 34. e4
fxe4 35. Qxb3 Rxb3 0-1

[Event "Copa Latina 2015"]
[Site "Vicente Lopez ARG"]
[Date "2015.03.20"]
[Round "2.11"]
[White "Pichot, Alan"]
[Black "Souza, Rafael Cabral De"]
[Result "1-0"]
[WhiteElo "2482"]
[BlackElo "2194"]
[PlyCount "87"]
[EventDate "2015.03.19"]
[EventType "swiss"]
[EventRounds "9"]
[EventCountry "ARG"]
[Source "lmi"]
[SourceDate "2015.03.19"]

1. e4 d6 2. d4 Nf6 3. Nc3 g6 4. Be3 c6 5. Qd2 Bg7 6. Nf3 b5 7. Bd3 Nbd7 8. Bh6
Bxh6 9. Qxh6 b4 10. Ne2 e5 11. dxe5 dxe5 12. h3 Qe7 13. O-O-O Bb7 14. g4 O-O-O
15. Qe3 Nb6 16. Nd2 Nfd7 17. Nb3 Kb8 18. Kb1 Rc8 19. c4 c5 20. Rhe1 Rhe8 21.
Na5 Ba8 22. Bc2 f6 23. Qg3 Rc7 24. f4 Qg7 25. f5 Qf7 26. Qb3 a6 27. Rd6 Ka7 28.
Red1 Nb8 29. Qf3 g5 30. Qd3 Nc6 31. Nxc6+ Bxc6 32. Qe3 Nd7 33. Nc1 Qxc4 34.
Rxc6 Rxc6 35. Rxd7+ Kb6 36. Bd3 Qg8 37. Nb3 Rec8 38. Nd2 R8c7 39. Nc4+ Ka7 40.
Rd5 Qf8 41. Bc2 Rc8 42. Ba4 R6c7 43. Nd6 Rd8 44. Rxc5 1-0

[Event "Copa Latina 2015"]
[Site "Vicente Lopez ARG"]
[Date "2015.03.20"]
[Round "2.12"]
[White "Fernandez, Maria Florencia"]
[Black "Dolezal, Cristian"]
[Result "1/2-1/2"]
[WhiteElo "2187"]
[BlackElo "2457"]
[PlyCount "104"]
[EventDate "2015.03.19"]
[EventType "swiss"]
[EventRounds "9"]
[EventCountry "ARG"]
[Source "lmi"]
[SourceDate "2015.03.19"]

1. d4 g6 2. c4 Bg7 3. Nc3 c5 4. d5 d6 5. e4 Nd7 6. f4 Bxc3+ 7. bxc3 Qa5 8. Qc2
Ngf6 9. Bd3 b5 10. Bd2 bxc4 11. Bxc4 Nb6 12. Be2 Ba6 13. c4 Qa4 14. Qxa4+ Nxa4
15. e5 Nd7 16. Nf3 Ndb6 17. Rc1 O-O 18. Rc2 Rad8 19. Kf2 Bc8 20. exd6 exd6 21.
Bd3 Ba6 22. Ba5 Rd7 23. Rd1 Rb8 24. Ng5 Nc8 25. Ne4 Kg7 26. g4 Ne7 27. Re2 Ng8
28. g5 Kf8 29. Rdd2 Nb6 30. Rb2 Rdd8 31. Rb3 Bc8 32. Reb2 Bf5 33. Bxb6 axb6 34.
Rxb6 Ra8 35. Bc2 Bxe4 36. Bxe4 Ra4 37. Bd3 Ne7 38. Ke3 Nf5+ 39. Bxf5 gxf5 40.
Kd3 Re8 41. Rxd6 Re4 42. Rd8+ Kg7 43. d6 Raxc4 44. d7 Rcd4+ 45. Kc3 Re3+ 46.
Kc2 Re2+ 47. Kc3 Re3+ 48. Kc2 Red3 49. Rbb8 Rd2+ 50. Kc3 R2d3+ 51. Kc2 Rd2+ 52.
Kc3 R2d3+ 1/2-1/2

[Event "Copa Latina 2015"]
[Site "Vicente Lopez ARG"]
[Date "2015.03.20"]
[Round "2.13"]
[White "Salinas Herrera, Pablo"]
[Black "Seia, Diego"]
[Result "1-0"]
[WhiteElo "2440"]
[BlackElo "2189"]
[PlyCount "81"]
[EventDate "2015.03.19"]
[EventType "swiss"]
[EventRounds "9"]
[EventCountry "ARG"]
[Source "lmi"]
[SourceDate "2015.03.19"]

1. e4 c5 2. Nf3 e6 3. c3 d5 4. exd5 exd5 5. d4 Nc6 6. Be3 c4 7. b3 cxb3 8. axb3
Bd6 9. Nbd2 Nge7 10. Bd3 Ng6 11. O-O O-O 12. Qb1 f5 13. Bg5 Qc7 14. h3 h6 15.
Bh4 Nf4 16. Bg3 Bd7 17. Re1 g5 18. Bxf4 Bxf4 19. Nf1 g4 20. Nh4 g3 21. Qc2 Rf6
22. Re2 Raf8 23. Rae1 a6 24. b4 Kh8 25. Qa2 Qd6 26. Nf3 Rg8 27. b5 axb5 28.
Bxb5 Nb4 29. Qa5 Nc6 30. Bxc6 gxf2+ 31. Rxf2 bxc6 32. Ne5 Bg5 33. Rb1 Bh4 34.
Rf4 Bg5 35. Rf3 f4 36. Rb7 Bf5 37. Qa7 Be4 38. Nh2 Bh4 39. Neg4 Rff8 40. Rc7
Rg6 41. Rh7+ 1-0

[Event "Copa Latina 2015"]
[Site "Vicente Lopez ARG"]
[Date "2015.03.20"]
[Round "2.14"]
[White "Fiorito, Fabian"]
[Black "Godoy Olazabal, Artur"]
[Result "0-1"]
[WhiteElo "2438"]
[BlackElo "2154"]
[PlyCount "72"]
[EventDate "2015.03.19"]
[EventType "swiss"]
[EventRounds "9"]
[EventCountry "ARG"]
[Source "lmi"]
[SourceDate "2015.03.19"]

1. d4 Nf6 2. Nf3 e6 3. c3 Be7 4. Bg5 b6 5. Nbd2 Bb7 6. e3 d6 7. Qa4+ Nfd7 8.
Bxe7 Qxe7 9. Qc2 Nf6 10. a4 a6 11. a5 b5 12. c4 c6 13. Be2 O-O 14. O-O Nbd7 15.
Rfc1 Rac8 16. c5 d5 17. e4 e5 18. exd5 cxd5 19. Nxe5 Nxe5 20. dxe5 Nd7 21. Nb3
Nxe5 22. Nd4 Nc4 23. b3 Ne5 24. Nf5 Qf6 25. Nd6 Rc7 26. Nxb7 Rxb7 27. Qd2 Rd8
28. Rd1 Rc7 29. b4 Rcd7 30. Rac1 Nc6 31. Bg4 Re7 32. Re1 Re4 33. Bd7 Ne5 34.
Qxd5 Rxe1+ 35. Rxe1 Rxd7 36. Rxe5 Qd8 0-1

[Event "Copa Latina 2015"]
[Site "Vicente Lopez ARG"]
[Date "2015.03.20"]
[Round "2.15"]
[White "Vazquez, Maximiliano"]
[Black "Slipak, Sergio"]
[Result "0-1"]
[WhiteElo "2153"]
[BlackElo "2436"]
[PlyCount "40"]
[EventDate "2015.03.19"]
[EventType "swiss"]
[EventRounds "9"]
[EventCountry "ARG"]
[Source "lmi"]
[SourceDate "2015.03.19"]

1. d4 d5 2. c4 dxc4 3. Nf3 Nf6 4. e3 Bg4 5. Bxc4 e6 6. O-O a6 7. Bb3 Nc6 8. Nc3
Bd6 9. Qe2 O-O 10. Rd1 Qe7 11. h3 Bh5 12. g4 Bg6 13. e4 e5 14. d5 Nd4 15. Nxd4
exd4 16. Rxd4 Qe5 17. Qd3 Qh2+ 18. Kf1 Bc5 19. f3 Qxh3+ 20. Kf2 Nxg4+ 0-1